[Event "GBR-ch89"]
[Site "Torquay"]
[Date "2002.08.06"]
[Round "8"]
[White "Meenakshi, Subbaraman"]
[Black "Sowray, Peter J"]
[Result "1-0"]
[WhiteElo "2266"]
[BlackElo "2330"]
[PlyCount "81"]
[EventDate "2002.07.29"]
[EventType "swiss"]
[EventRounds "11"]
[EventCountry "GBR"]
[SourceTitle "BritBase"]
[Source "John Saunders"]
[SourceDate "2008.07.14"]
[SourceVersion "1"]
[SourceVersionDate "2008.07.14"]
[SourceQuality "2"]

1. d4 Nf6 2. c4 e6 3. Nc3 Bb4 4. Qc2 O-O 5. a3 Bxc3+ 6. Qxc3 Ne4 7. Qc2 f5 8.
g3 b6 9. Bg2 Bb7 10. Nh3 Nc6 11. Be3 a5 12. O-O Nf6 13. d5 Ne5 14. Rad1 Qc8 15.
Nf4 Neg4 16. Bd2 e5 17. Nh3 Ne8 18. f3 Nh6 19. Bc3 Nf7 20. Qxf5 Ned6 21. Qg4
Ba6 22. b3 a4 23. f4 Nh6 24. Qh5 Rf5 25. Ng5 exf4 26. gxf4 axb3 27. e4 Rf8 28.
Rf3 Qe8 29. Qh3 Bxc4 30. Rg3 Rxf4 31. Nxh7 Rg4 32. Rxg4 Nxg4 33. Qxg4 Qf7 34.
Nf6+ Kf8 35. Nxd7+ Kg8 36. e5 Ra4 37. Nf6+ Kf8 38. exd6 gxf6 39. Qc8+ Kg7 40.
d7 Qh5 41. Re1 1-0

[Event "GBR-ch89"]
[Site "Torquay"]
[Date "2002.08.06"]
[Round "8"]
[White "Pert, Nicholas"]
[Black "Hebden, Mark L"]
[Result "1-0"]
[WhiteElo "2460"]
[BlackElo "2534"]
[PlyCount "77"]
[EventDate "2002.07.29"]
[EventType "swiss"]
[EventRounds "11"]
[EventCountry "GBR"]
[SourceTitle "BritBase"]
[Source "John Saunders"]
[SourceDate "2008.07.14"]
[SourceVersion "1"]
[SourceVersionDate "2008.07.14"]
[SourceQuality "2"]

1. d4 Nf6 2. Nf3 g6 3. g3 Bg7 4. Bg2 O-O 5. O-O d6 6. c4 Nbd7 7. Nc3 e5 8. e4
c6 9. b3 Qa5 10. Bb2 Re8 11. Re1 exd4 12. Nxd4 Nc5 13. h3 Qb6 14. Rb1 a5 15.
Ba1 Bd7 16. Kh2 Re7 17. f3 Rae8 18. Qd2 Bc8 19. a3 Qc7 20. b4 axb4 21. axb4
Ncd7 22. Rbd1 Ne5 23. Qa2 Nh5 24. f4 Nd7 25. Qd2 Nf8 26. Nde2 Rd7 27. g4 Nf6
28. g5 Nh5 29. Bf3 Qb6 30. Rf1 Nxf4 31. Nxf4 Qxb4 32. Nce2 Qxc4 33. Bxg7 Kxg7
34. Bg4 Rdd8 35. Bxc8 Rxc8 36. Ng3 Qc5 37. Qxd6 Qxg5 38. Nf5+ Kh8 39. Qd4+ 1-0

[Event "GBR-ch89"]
[Site "Torquay"]
[Date "2002.08.06"]
[Round "8"]
[White "Pert, Richard"]
[Black "Swathi, Ghate"]
[Result "1-0"]
[WhiteElo "2357"]
[BlackElo "2234"]
[PlyCount "41"]
[EventDate "2002.07.29"]
[EventType "swiss"]
[EventRounds "11"]
[EventCountry "GBR"]
[SourceTitle "BritBase"]
[Source "John Saunders"]
[SourceDate "2008.07.14"]
[SourceVersion "1"]
[SourceVersionDate "2008.07.14"]
[SourceQuality "2"]

1. d4 d5 2. c4 c6 3. e3 Nf6 4. Nf3 e6 5. Nbd2 Nbd7 6. Bd3 Bd6 7. O-O O-O 8. e4
dxe4 9. Nxe4 Nxe4 10. Bxe4 c5 11. Bc2 cxd4 12. Qxd4 Bc5 13. Qe4 g6 14. Bg5 Qc7
15. Rad1 b6 16. Bf4 e5 17. Nxe5 Nf6 18. Qxa8 Bb7 19. Ng4 Qe7 20. Nxf6+ Kg7 21.
Rd7 1-0

[Event "GBR-ch89"]
[Site "Torquay"]
[Date "2002.08.06"]
[Round "8"]
[White "Saravanan, Venkat"]
[Black "Woodward, Timothy"]
[Result "1/2-1/2"]
[WhiteElo "2385"]
[BlackElo "2211"]
[PlyCount "72"]
[EventDate "2002.07.29"]
[EventType "swiss"]
[EventRounds "11"]
[EventCountry "GBR"]
[SourceTitle "BritBase"]
[Source "John Saunders"]
[SourceDate "2008.07.14"]
[SourceVersion "1"]
[SourceVersionDate "2008.07.14"]
[SourceQuality "2"]

1. e4 c6 2. d4 d5 3. exd5 cxd5 4. c4 Nf6 5. Nc3 e6 6. Nf3 Bb4 7. Bd3 Nc6 8. O-O
dxc4 9. Bxc4 O-O 10. Bg5 Be7 11. a3 b6 12. Re1 Bb7 13. Rc1 Rc8 14. Qd3 h6 15.
Bh4 Nd5 16. Bxd5 Bxh4 17. Ba2 Bf6 18. Bb1 g6 19. Rxe6 Nxd4 20. Rxf6 Nxf3+ 21.
Rxf3 Bxf3 22. Qxf3 Qd2 23. Rd1 Qxb2 24. Nd5 Rc1 25. Bd3 Rxd1+ 26. Qxd1 Qxa3 27.
h4 Rc8 28. Bf1 Qd6 29. g3 Rd8 30. Bg2 Qe5 31. f4 Qd6 32. Kh2 a5 33. Qa1 Qc5 34.
Qe5 Qd6 35. Qa1 Qc5 36. Qe5 Qd6 1/2-1/2

[Event "GBR-ch89"]
[Site "Torquay"]
[Date "2002.08.06"]
[Round "8"]
[White "Shaw, David A"]
[Black "Ledger, David J"]
[Result "0-1"]
[WhiteElo "2190"]
[BlackElo "2271"]
[PlyCount "94"]
[EventDate "2002.07.29"]
[EventType "swiss"]
[EventRounds "11"]
[EventCountry "GBR"]
[SourceTitle "BritBase"]
[Source "John Saunders"]
[SourceDate "2008.07.14"]
[SourceVersion "1"]
[SourceVersionDate "2008.07.14"]
[SourceQuality "2"]

1. e4 e5 2. Nf3 Nc6 3. Bc4 Bc5 4. c3 Nf6 5. d4 exd4 6. cxd4 Bb4+ 7. Bd2 Nxe4 8.
Bxb4 Nxb4 9. Bxf7+ Kxf7 10. Qb3+ d5 11. Qxb4 Qe7 12. Ne5+ Kf8 13. Qb3 c6 14.
O-O g6 15. Re1 Qf6 16. Qe3 Kg7 17. Nc3 Nd6 18. Na4 Re8 19. Qa3 Bf5 20. g4 Bc8
21. Nb6 Nb5 22. Qa4 axb6 23. Qxa8 Nxd4 24. Qb8 Rxe5 25. Rxe5 Nf3+ 26. Kg2 Qxe5
27. Qxc8 Qe4 28. Qc7+ Kh6 29. Qg3 Ne5+ 30. Kh3 g5 31. Rf1 Ng6 32. f4 Nxf4+ 33.
Rxf4 Qxf4 34. Qb3 b5 35. Qd1 d4 36. Qe2 Qe3+ 37. Qxe3 dxe3 38. Kg3 Kg6 39. Kf3
Kf6 40. Kxe3 Ke5 41. a3 c5 42. b3 b6 43. h3 h6 44. Kd3 Kf4 45. a4 c4+ 46. bxc4
bxa4 47. Kc3 Ke4 0-1

[Event "GBR-ch89"]
[Site "Torquay"]
[Date "2002.08.06"]
[Round "8"]
[White "Simpson, James"]
[Black "Wall, Gavin"]
[Result "0-1"]
[WhiteElo "2245"]
[BlackElo "2367"]
[PlyCount "100"]
[EventDate "2002.07.29"]
[EventType "swiss"]
[EventRounds "11"]
[EventCountry "GBR"]
[SourceTitle "BritBase"]
[Source "John Saunders"]
[SourceDate "2008.07.14"]
[SourceVersion "1"]
[SourceVersionDate "2008.07.14"]
[SourceQuality "2"]

1. d4 f5 2. c4 Nf6 3. Nc3 g6 4. Qc2 Bg7 5. Bg5 O-O 6. Nf3 d6 7. e3 h6 8. Bxf6
Bxf6 9. O-O-O Nc6 10. Kb1 Bg7 11. h3 Rf7 12. a3 Qe8 13. Nd2 e5 14. d5 Ne7 15.
f3 Bd7 16. Be2 a6 17. Rc1 c5 18. e4 b5 19. b4 Nc8 20. Bd3 Nb6 21. Qb3 bxc4 22.
Bxc4 cxb4 23. axb4 Bf6 24. Rc2 Bg5 25. Rd1 Bb5 26. Ra2 Rfa7 27. Ra5 Nxc4 28.
Nxc4 Bxc4 29. Qxc4 Qb8 30. Kc2 Rc7 31. Qb3 Qb6 32. Kb2 Rac8 33. Rd3 Rc4 34. Rc5
R4xc5 35. bxc5 Qxc5 36. Na2 Qa7 37. Ka3 a5 38. Rc3 Rb8 39. Qc2 fxe4 40. fxe4
Be3 41. Rc8+ Rxc8 42. Qxc8+ Kg7 43. Ka4 h5 44. Nc3 Qd4+ 45. Kb3 Qb4+ 46. Kc2
Bd4 47. Kd3 a4 48. Qd7+ Kh6 49. Nxa4 Qb3+ 50. Kd2 Qe3+ 0-1

[Event "GBR-ch89"]
[Site "Torquay"]
[Date "2002.08.06"]
[Round "8"]
[White "Snape, Ian L"]
[Black "Muir, Andrew J"]
[Result "0-1"]
[WhiteElo "2202"]
[BlackElo "2294"]
[PlyCount "64"]
[EventDate "2002.07.29"]
[EventType "swiss"]
[EventRounds "11"]
[EventCountry "GBR"]
[SourceTitle "BritBase"]
[Source "John Saunders"]
[SourceDate "2008.07.14"]
[SourceVersion "1"]
[SourceVersionDate "2008.07.14"]
[SourceQuality "2"]

1. c4 e6 2. g3 d5 3. Bg2 Nf6 4. Nf3 Be7 5. O-O O-O 6. d4 dxc4 7. Qc2 a6 8. a4
Bd7 9. Qxc4 Bc6 10. Bg5 a5 11. Nc3 Na6 12. Bxf6 Bxf6 13. Rfd1 Qe7 14. e4 Qb4
15. Qe2 Rad8 16. e5 Be7 17. h4 Rd7 18. Rd2 Rfd8 19. Ne4 Bxe4 20. Qxe4 Nc5 21.
Qc2 Nb3 22. Rdd1 Nxa1 23. Rxa1 h6 24. d5 Rxd5 25. Ng5 hxg5 26. Bxd5 Rxd5 27.
hxg5 Bc5 28. g6 Qd2 29. gxf7+ Kxf7 30. Qh7 Qxf2+ 31. Kh1 Qf3+ 32. Kh2 Rd2+ 0-1

[Event "GBR-ch89"]
[Site "Torquay"]
[Date "2002.08.06"]
[Round "8"]
[White "Summerscale, Aaron"]
[Black "Haslinger, Stewart"]
[Result "0-1"]
[WhiteElo "2509"]
[BlackElo "2310"]
[PlyCount "81"]
[EventDate "2002.07.29"]
[EventType "swiss"]
[EventRounds "11"]
[EventCountry "GBR"]
[SourceTitle "BritBase"]
[Source "John Saunders"]
[SourceDate "2008.07.14"]
[SourceVersion "1"]
[SourceVersionDate "2008.07.14"]
[SourceQuality "2"]

1. d4 d5 2. c4 e6 3. Nf3 c6 4. e3 Nf6 5. Bd3 dxc4 6. Bxc4 Nbd7 7. O-O Bd6 8.
Nc3 b5 9. Bd3 O-O 10. b3 a6 11. Bb2 Bb7 12. Qe2 c5 13. Rad1 Qb8 14. h3 cxd4 15.
Nxd4 Nc5 16. Bb1 b4 17. Na4 Nxa4 18. bxa4 Re8 19. e4 e5 20. Nf5 Bc5 21. Kh1 Bc8
22. Ne3 Bd7 23. Bc2 Qc8 24. Nf5 Ra7 25. g4 Rc7 26. Rd2 g6 27. Ng3 h5 28. f4
Nxg4 29. hxg4 Bxg4 30. Qh2 exf4 31. Rxf4 Be3 32. Rff2 Bxd2 33. Rxd2 Rd8 34.
Rxd8+ Qxd8 35. Bb3 h4 36. Nf1 Bf3+ 37. Kg1 Rc5 38. Kf2 Bxe4 39. Nd2 Bb7 40. Nf3
Bxf3 41. Kxf3 0-1

[Event "GBR-ch89"]
[Site "Torquay"]
[Date "2002.08.06"]
[Round "8"]
[White "Tan, Desmond"]
[Black "Lee, Graham D"]
[Result "1/2-1/2"]
[WhiteElo "2292"]
[BlackElo "2361"]
[PlyCount "28"]
[EventDate "2002.07.29"]
[EventType "swiss"]
[EventRounds "11"]
[EventCountry "GBR"]
[SourceTitle "BritBase"]
[Source "John Saunders"]
[SourceDate "2008.07.14"]
[SourceVersion "1"]
[SourceVersionDate "2008.07.14"]
[SourceQuality "2"]

1. e4 c6 2. d4 d5 3. Nc3 dxe4 4. Nxe4 Nd7 5. Bc4 Ngf6 6. Ng5 e6 7. Qe2 Nb6 8.
Bb3 h6 9. N5f3 c5 10. Bf4 Bd6 11. Bxd6 Qxd6 12. c3 cxd4 13. Nxd4 O-O 14. Ngf3
Bd7 1/2-1/2

[Event "GBR-ch89"]
[Site "Torquay"]
[Date "2002.08.06"]
[Round "8"]
[White "Taylor, Peter P"]
[Black "Sherwin, James"]
[Result "1/2-1/2"]
[WhiteElo "2224"]
[BlackElo "2344"]
[PlyCount "81"]
[EventDate "2002.07.29"]
[EventType "swiss"]
[EventRounds "11"]
[EventCountry "GBR"]
[SourceTitle "BritBase"]
[Source "John Saunders"]
[SourceDate "2008.07.14"]
[SourceVersion "1"]
[SourceVersionDate "2008.07.14"]
[SourceQuality "2"]

1. c4 Nf6 2. g3 g6 3. Bg2 Bg7 4. Nc3 c5 5. Nf3 Nc6 6. d4 cxd4 7. Nxd4 O-O 8.
O-O Nxd4 9. Qxd4 d6 10. Qd3 Ng4 11. Qd2 Rb8 12. h3 Ne5 13. b3 Bd7 14. Bb2 a6
15. Rad1 Bc6 16. Nd5 Bxd5 17. cxd5 Rc8 18. Bd4 Nd7 19. Bxg7 Kxg7 20. h4 Nf6 21.
Rc1 Qd7 22. Qd4 Rxc1 23. Rxc1 Rc8 24. Rxc8 Qxc8 25. Bf3 Kg8 26. Kg2 Qc7 27. Qe3
h5 28. a3 a5 29. b4 Kf8 30. bxa5 Qxa5 31. Qb3 b6 32. Qb4 Nd7 33. e4 Nc5 34.
Qxa5 bxa5 35. Kf1 Ke8 36. Ke2 Kd7 37. Kd2 e6 38. Kc3 exd5 39. exd5 Kc7 40. Kd4
Nb3+ 41. Kc3 1/2-1/2

[Event "GBR-ch89"]
[Site "Torquay"]
[Date "2002.08.06"]
[Round "8"]
[White "Turner, Matthew J"]
[Black "Rowson, Jonathan"]
[Result "0-1"]
[WhiteElo "2519"]
[BlackElo "2545"]
[PlyCount "82"]
[EventDate "2002.07.29"]
[EventType "swiss"]
[EventRounds "11"]
[EventCountry "GBR"]
[SourceTitle "BritBase"]
[Source "John Saunders"]
[SourceDate "2008.07.14"]
[SourceVersion "1"]
[SourceVersionDate "2008.07.14"]
[SourceQuality "2"]

1. d4 Nf6 2. Nf3 g6 3. c4 Bg7 4. Nc3 d5 5. Bg5 Ne4 6. cxd5 Nxg5 7. Nxg5 e6 8.
Qd2 h6 9. Nh3 exd5 10. Nf4 O-O 11. e3 c5 12. dxc5 d4 13. exd4 Re8+ 14. Be2 Nc6
15. O-O-O Nxd4 16. Bc4 Qc7 17. Rhe1 Bf5 18. b4 b6 19. Nfd5 Qd7 20. Rxe8+ Rxe8
21. Qf4 bxc5 22. bxc5 Qc8 23. Qd6 Nc6 24. Bb5 Re6 25. Qc7 Qf8 26. Na4 Nd4 27.
Bc4 Bc2 28. Rxd4 Bxa4 29. Rd3 Kh7 30. Ne3 Re7 31. Qa5 Bd7 32. Nd5 Re4 33. Ne3
Qb8 34. Rxd7 Qb2+ 35. Kd1 Qxf2 36. Qd2 Qg1+ 37. Ke2 Qxg2+ 38. Kd3 Qf3 39. c6
Re8 40. Rxf7 Qe4+ 41. Ke2 Qxc4+ 0-1

[Event "GBR-ch89"]
[Site "Torquay"]
[Date "2002.08.06"]
[Round "8"]
[White "Ward, Christopher G"]
[Black "Sasikiran, Krishnan"]
[Result "1/2-1/2"]
[WhiteElo "2498"]
[BlackElo "2650"]
[PlyCount "98"]
[EventDate "2002.07.29"]
[EventType "swiss"]
[EventRounds "11"]
[EventCountry "GBR"]
[SourceTitle "BritBase"]
[Source "John Saunders"]
[SourceDate "2008.07.14"]
[SourceVersion "1"]
[SourceVersionDate "2008.07.14"]
[SourceQuality "2"]

1. c4 e5 2. g3 g6 3. Bg2 Bg7 4. Nc3 d6 5. d3 f5 6. e3 Nf6 7. Nge2 O-O 8. O-O a5
9. Rb1 c6 10. a3 Be6 11. b4 axb4 12. axb4 d5 13. cxd5 cxd5 14. Na4 Bf7 15. Bd2
Nbd7 16. b5 Re8 17. Bb4 e4 18. d4 Nb6 19. Nxb6 Qxb6 20. Bc5 Qd8 21. Qd2 Nd7 22.
Rfc1 Nb6 23. Bxb6 Qxb6 24. Qc2 Re7 25. Qc5 Qf6 26. Ra1 Rd8 27. Ra7 Bf8 28. Rca1
g5 29. Bf1 h5 30. Qc3 h4 31. Ra8 Red7 32. Rxd8 Qxd8 33. Rc1 hxg3 34. hxg3 Qf6
35. Qc8 Qd6 36. Bh3 Be6 37. Qe8 Rf7 38. Ra1 Bd7 39. Qd8 Qh6 40. Bf1 Kg7 41. Ra8
Qh5 42. b6 Bb5 43. Rc8 Bxe2 44. Bxe2 Qxe2 45. Qxg5+ Kh8 46. Rc7 Qd1+ 47. Kh2
Qf3 48. Rxf7 Qxf2+ 49. Kh3 Qf1+ 1/2-1/2

[Event "GBR-ch89"]
[Site "Torquay"]
[Date "2002.08.06"]
[Round "8"]
[White "Willmoth, Robert"]
[Black "Thomas, Nicholas"]
[Result "0-1"]
[WhiteElo "2198"]
[BlackElo "2248"]
[PlyCount "28"]
[EventDate "2002.07.29"]
[EventType "swiss"]
[EventRounds "11"]
[EventCountry "GBR"]
[SourceTitle "BritBase"]
[Source "John Saunders"]
[SourceDate "2008.07.14"]
[SourceVersion "1"]
[SourceVersionDate "2008.07.14"]
[SourceQuality "2"]

1. e4 e6 2. d3 d5 3. Nd2 Nf6 4. Ngf3 Nc6 5. e5 Nd7 6. d4 f6 7. c3 fxe5 8. Nxe5
Ncxe5 9. dxe5 Nxe5 10. Qh5+ Nf7 11. f4 Bd6 12. Bd3 Qf6 13. O-O Bd7 14. Bxh7 g6
0-1

[Event "GBR-ch89"]
[Site "Torquay"]
[Date "2002.08.06"]
[Round "8"]
[White "Wu, Li"]
[Black "Webb, Laurence"]
[Result "0-1"]
[WhiteElo "2142"]
[BlackElo "2262"]
[PlyCount "58"]
[EventDate "2002.07.29"]
[EventType "swiss"]
[EventRounds "11"]
[EventCountry "GBR"]
[SourceTitle "BritBase"]
[Source "John Saunders"]
[SourceDate "2008.07.14"]
[SourceVersion "1"]
[SourceVersionDate "2008.07.14"]
[SourceQuality "2"]

1. d4 Nf6 2. c4 e6 3. Nf3 Bb4+ 4. Nbd2 O-O 5. e3 d5 6. Bd3 Nbd7 7. O-O Be7 8.
b3 b6 9. Bb2 Bb7 10. Qe2 c5 11. Rfd1 Ne4 12. Ne5 Nxe5 13. dxe5 Nxd2 14. Rxd2
Qc7 15. f4 g6 16. cxd5 Bxd5 17. f5 exf5 18. Bxf5 Qc6 19. e4 Be6 20. Qg4 Rad8
21. Rf2 c4 22. Rf3 Rd3 23. bxc4 Rfd8 24. Raf1 Qxc4 25. h4 Rd1 26. h5 Bxf5 27.
Rxf5 Bc5+ 28. Kh2 Rxf1 29. hxg6 fxg6 0-1

[Event "GBR-ch89"]
[Site "Torquay"]
[Date "2002.08.07"]
[Round "9"]
[White "Ashton, Adam"]
[Black "Aarthie, Ramaswamy"]
[Result "1/2-1/2"]
[WhiteElo "2152"]
[BlackElo "2290"]
[PlyCount "132"]
[EventDate "2002.07.29"]
[EventType "swiss"]
[EventRounds "11"]
[EventCountry "GBR"]
[SourceTitle "BritBase"]
[Source "John Saunders"]
[SourceDate "2008.07.14"]
[SourceVersion "1"]
[SourceVersionDate "2008.07.14"]
[SourceQuality "2"]

1. e4 c5 2. Nf3 d6 3. d4 cxd4 4. Nxd4 Nf6 5. Nc3 Nc6 6. Bc4 e6 7. Be3 a6 8. Bb3
Be7 9. Qe2 Qc7 10. O-O-O Na5 11. g4 b5 12. g5 Nxb3+ 13. axb3 Nd7 14. h4 b4 15.
Na4 Nc5 16. h5 Bd7 17. Kb1 Bxa4 18. bxa4 Nxa4 19. g6 Bf6 20. Qg4 Rb8 21. gxf7+
Qxf7 22. Qxe6+ Qxe6 23. Nxe6 Nxb2 24. Rxd6 Nc4 25. Rxa6 Na3+ 26. Kc1 Rc8 27.
Bc5 Kf7 28. f4 Rhe8 29. f5 Ra8 30. Rxa8 Rxa8 31. Rh3 Nc4 32. Kd1 Bc3 33. Rxc3
bxc3 34. Bd4 Nd6 35. Ng5+ Kg8 36. Bxc3 Re8 37. f6 gxf6 38. Bxf6 Nxe4 39. Nxe4
Rxe4 40. h6 Kf7 41. Bg7 Ke6 42. Kd2 Kd5 43. Kd3 Rh4 44. Ke3 Rg4 45. Kf3 Rh4 46.
Ke3 Rg4 47. Kf3 Re4 48. Bh8 Rc4 49. c3 Rh4 50. Bg7 Kc4 51. Ke3 Kc5 52. Bd4+ Kd5
53. Bg7 Kc4 54. Kf3 Kc5 55. Ke3 Kd5 56. Kf3 Kd6 57. Ke3 Ke6 58. Kf3 Kf5 59. Ke3
Re4+ 60. Kd3 Kf4 61. Bd4 Kf3 62. Bg7 Kf4 63. Bd4 Re6 64. Bg7 Re4 65. Bd4 Re6
66. Bg7 Re4 1/2-1/2

[Event "GBR-ch89"]
[Site "Torquay"]
[Date "2002.08.07"]
[Round "9"]
[White "Bigg, Andrew J"]
[Black "Dhar Barua, Saheli"]
[Result "1-0"]
[WhiteElo "2248"]
[BlackElo "2221"]
[PlyCount "45"]
[EventDate "2002.07.29"]
[EventType "swiss"]
[EventRounds "11"]
[EventCountry "GBR"]
[SourceTitle "BritBase"]
[Source "John Saunders"]
[SourceDate "2008.07.14"]
[SourceVersion "1"]
[SourceVersionDate "2008.07.14"]
[SourceQuality "2"]

1. d4 d5 2. c4 e6 3. Nc3 Nf6 4. Bg5 Be7 5. Nf3 O-O 6. Qc2 Nbd7 7. O-O-O Re8 8.
h4 c6 9. e4 dxe4 10. Nxe4 Nxe4 11. Qxe4 Nf8 12. Bd3 f6 13. Bd2 c5 14. Bc3 Qb6
15. g4 Bd7 16. g5 Bc6 17. d5 exd5 18. cxd5 Bd7 19. d6 Bxd6 20. Bc4+ Kh8 21.
gxf6 Be5 22. Nxe5 gxf6 23. Nf7+ 1-0

[Event "GBR-ch89"]
[Site "Torquay"]
[Date "2002.08.07"]
[Round "9"]
[White "Buckley, Simon T"]
[Black "Shaw, David A"]
[Result "1-0"]
[WhiteElo "2237"]
[BlackElo "2190"]
[PlyCount "75"]
[EventDate "2002.07.29"]
[EventType "swiss"]
[EventRounds "11"]
[EventCountry "GBR"]
[SourceTitle "BritBase"]
[Source "John Saunders"]
[SourceDate "2008.07.14"]
[SourceVersion "1"]
[SourceVersionDate "2008.07.14"]
[SourceQuality "2"]

1. e4 e6 2. d4 d5 3. Nc3 Bb4 4. e5 c5 5. a3 Bxc3+ 6. bxc3 Qc7 7. Nf3 Ne7 8. a4
Nbc6 9. Be2 O-O 10. O-O f6 11. exf6 Rxf6 12. Ba3 c4 13. Bc1 h6 14. Re1 Bd7 15.
Nh4 g5 16. Nf3 Raf8 17. h3 Be8 18. Rf1 Nf5 19. Ba3 Nd6 20. Ne5 Ne4 21. Nxc6
bxc6 22. Bxf8 Nxc3 23. Qe1 Nxe2+ 24. Qxe2 Kxf8 25. Ra3 c5 26. Rf3 Rxf3 27.
Qxf3+ Kg7 28. Qe3 Bxa4 29. Qxe6 Bxc2 30. Qxd5 cxd4 31. Qxd4+ Kg6 32. Re1 Bf5
33. g4 Bc8 34. Re8 Qc6 35. Rg8+ Kf7 36. Qg7+ Ke6 37. Qxh6+ Kd5 38. Qxc6+ 1-0

[Event "GBR-ch89"]
[Site "Torquay"]
[Date "2002.08.07"]
[Round "9"]
[White "Eames, Robert S"]
[Black "Mutton, Jonathan"]
[Result "1-0"]
[WhiteElo "2310"]
[BlackElo "2211"]
[PlyCount "87"]
[EventDate "2002.07.29"]
[EventType "swiss"]
[EventRounds "11"]
[EventCountry "GBR"]
[SourceTitle "BritBase"]
[Source "John Saunders"]
[SourceDate "2008.07.14"]
[SourceVersion "1"]
[SourceVersionDate "2008.07.14"]
[SourceQuality "2"]

1. e4 c5 2. Nf3 d6 3. d4 cxd4 4. Nxd4 Nf6 5. Nc3 a6 6. Be3 Ng4 7. Bg5 h6 8. Bh4
g5 9. Bg3 Bg7 10. Be2 h5 11. Nf5 Bxf5 12. exf5 Bxc3+ 13. bxc3 Nf6 14. h4 gxh4
15. Rxh4 Qa5 16. Rb1 Nbd7 17. Rxb7 Qxf5 18. Bf3 Rc8 19. Ra7 Qa5 20. Kf1 Qxc3
21. Kg1 O-O 22. Bxh5 Qxc2 23. Qxc2 Rxc2 24. Rxa6 Rb8 25. Bf3 Nc5 26. Ra7 Rb5
27. Kh2 Rc1 28. Kh3 Ne6 29. Bh2 Ng5+ 30. Kg3 e5 31. Ba8 Rc3+ 32. f3 Rb2 33. Bg1
Rcc2 34. Rh2 Ne6 35. Be3 Nd4 36. Bg5 Ne2+ 37. Kh4 Rc4+ 38. g4 Nh7 39. Bd5 Nxg5
40. Kxg5 Rf4 41. Ra8+ Kg7 42. Rhh8 f6+ 43. Kh4 f5 44. Kg5 1-0

[Event "GBR-ch89"]
[Site "Torquay"]
[Date "2002.08.07"]
[Round "9"]
[White "Grant, Jonathan"]
[Black "McDonald, Neil R"]
[Result "1-0"]
[WhiteElo "2201"]
[BlackElo "2396"]
[PlyCount "71"]
[EventDate "2002.07.29"]
[EventType "swiss"]
[EventRounds "11"]
[EventCountry "GBR"]
[SourceTitle "BritBase"]
[Source "John Saunders"]
[SourceDate "2008.07.14"]
[SourceVersion "1"]
[SourceVersionDate "2008.07.14"]
[SourceQuality "2"]

1. c4 f5 2. Nc3 Nf6 3. g3 g6 4. Bg2 Bg7 5. d3 d6 6. e4 Nc6 7. Nge2 O-O 8. O-O
fxe4 9. dxe4 Ne5 10. b3 c6 11. h3 Be6 12. Be3 Qc8 13. f4 Ned7 14. Rc1 a5 15.
Nd4 Bf7 16. Nf3 Kh8 17. Qd2 Qc7 18. g4 a4 19. Ng5 Bg8 20. Nxa4 h6 21. Nf3 Nxe4
22. Qc2 Ng3 23. Rfe1 e5 24. fxe5 Nxe5 25. Nxe5 Bxe5 26. Bf2 Rxf2 27. Qxf2 d5
28. cxd5 Rf8 29. Qd2 Kh7 30. dxc6 bxc6 31. Rxc6 Qg7 32. Qd3 Bf7 33. Rc5 Bd4+
34. Kh2 Bxc5 35. Nxc5 Bg8 36. Qxg3 1-0

[Event "GBR-ch89"]
[Site "Torquay"]
[Date "2002.08.07"]
[Round "9"]
[White "Haslinger, Stewart"]
[Black "Lane, Gary W"]
[Result "1-0"]
[WhiteElo "2310"]
[BlackElo "2446"]
[PlyCount "57"]
[EventDate "2002.07.29"]
[EventType "swiss"]
[EventRounds "11"]
[EventCountry "GBR"]
[SourceTitle "BritBase"]
[Source "John Saunders"]
[SourceDate "2008.07.14"]
[SourceVersion "1"]
[SourceVersionDate "2008.07.14"]
[SourceQuality "2"]

1. e4 e5 2. Nf3 Nc6 3. d4 exd4 4. Nxd4 Qf6 5. Nxc6 dxc6 6. Bd3 Ne7 7. O-O Ng6
8. f4 Bc5+ 9. Kh1 Qh4 10. Nd2 Bg4 11. Nf3 Qh5 12. Qe1 f6 13. b4 Bd6 14. e5 fxe5
15. Nxe5 Nxe5 16. fxe5 Be7 17. b5 c5 18. a4 O-O-O 19. Bf4 Be6 20. a5 c4 21. Be4
Bc5 22. Bf3 Qg6 23. Be3 Bxe3 24. Qxe3 Kb8 25. b6 cxb6 26. axb6 a6 27. Qc5 Rd7
28. Rxa6 Bg4 29. Ra8+ 1-0

[Event "GBR-ch89"]
[Site "Torquay"]
[Date "2002.08.07"]
[Round "9"]
[White "Hebden, Mark L"]
[Black "Meenakshi, Subbaraman"]
[Result "1/2-1/2"]
[WhiteElo "2534"]
[BlackElo "2266"]
[PlyCount "85"]
[EventDate "2002.07.29"]
[EventType "swiss"]
[EventRounds "11"]
[EventCountry "GBR"]
[SourceTitle "BritBase"]
[Source "John Saunders"]
[SourceDate "2008.07.14"]
[SourceVersion "1"]
[SourceVersionDate "2008.07.14"]
[SourceQuality "2"]

1. d4 d5 2. c4 c6 3. Nf3 Nf6 4. e3 g6 5. Nc3 Bg7 6. Bd3 O-O 7. O-O Bg4 8. h3
Bxf3 9. Qxf3 e6 10. Rd1 Nbd7 11. Bd2 Re8 12. Rac1 Qe7 13. Qe2 dxc4 14. Bxc4 e5
15. d5 cxd5 16. Bxd5 e4 17. Bxb7 Rab8 18. Bc6 Rxb2 19. Na4 Rbb8 20. Qa6 Rec8
21. Qxa7 Qe6 22. Qa6 Ne5 23. Bb5 Rxc1 24. Rxc1 Qf5 25. Nb6 Nf3+ 26. gxf3 exf3
27. Rc8+ Bf8 28. Rxb8 Qxh3 29. Rxf8+ Kg7 30. Rxf7+ Kh6 31. e4+ Kh5 32. Rxh7+
Nxh7 33. Bf1 Qg4+ 34. Kh2 Qh4+ 35. Bh3 Qxf2+ 36. Kh1 Qxd2 37. Qf1 Qe3 38. Nc4
Qf4 39. Qf2 Ng5 40. Nd2 Nxh3 41. Qxf3+ Qxf3+ 42. Nxf3 Nf2+ 43. Kg2 1/2-1/2

[Event "GBR-ch89"]
[Site "Torquay"]
[Date "2002.08.07"]
[Round "9"]
[White "Lalic, Bogdan"]
[Black "Pert, Nicholas"]
[Result "1/2-1/2"]
[WhiteElo "2540"]
[BlackElo "2460"]
[PlyCount "23"]
[EventDate "2002.07.29"]
[EventType "swiss"]
[EventRounds "11"]
[EventCountry "GBR"]
[SourceTitle "BritBase"]
[Source "John Saunders"]
[SourceDate "2008.07.14"]
[SourceVersion "1"]
[SourceVersionDate "2008.07.14"]
[SourceQuality "2"]

1. d4 e6 2. c4 f5 3. Nf3 Nf6 4. g3 Be7 5. Bg2 O-O 6. O-O d6 7. Nc3 Ne4 8. Qd3
Nxc3 9. bxc3 Nc6 10. e4 e5 11. dxe5 dxe5 12. Qd5+ 1/2-1/2